Effect of nitrogen and phosphorus on seed yield germinability and seedling attributes of brri dhan71 / (Record no. 18309)

MARC details
000 -LEADER
fixed length control field 01088nam a22002777a 4500
001 - CONTROL NUMBER
control field BD-DhSAU 9278
003 - CONTROL NUMBER IDENTIFIER
control field BD-DhSAU
005 - DATE AND TIME OF LATEST TRANSACTION
control field 20260223120415.0
008 - FIXED-LENGTH DATA ELEMENTS--GENERAL INFORMATION
fixed length control field 150613b2018 bg a|||| m||| 00| 0 eng d
040 ## - CATALOGING SOURCE
Original cataloging agency BD-DhSAU
082 ## - DEWEY DECIMAL CLASSIFICATION NUMBER
Edition number 22
Classification number 631.521
Item number J211
100 ## - MAIN ENTRY--PERSONAL NAME
Personal name HASAN, MD. JAKIR
Relator term Registration # 16-07268
245 ## - TITLE STATEMENT
Title Effect of nitrogen and phosphorus on seed<br/>yield germinability and seedling attributes of <br/>brri dhan71 /<br/>
Remainder of title MS thesis
260 ## - PUBLICATION, DISTRIBUTION, ETC. (IMPRINT)
Place of publication, distribution, etc. Sher-e-Bangla Agricultural University :
Name of publisher, distributor, etc. Department of Seed Techonology,
Date of publication, distribution, etc. 2024.
300 ## - PHYSICAL DESCRIPTION
Extent xii 65p. :
Other physical details ill. ;
Dimensions 30 cm.
500 ## - GENERAL NOTE
General note MS thesis of Department of Seed Technology, Faculty of Seed Technology , Sher-e-Bangla Agricultural University, Dhaka, Bangladesh
504 ## - BIBLIOGRAPHY, ETC. NOTE
Bibliography, etc Includes bibliographical reference.
590 ## - Name of Cataloguer
Name of Cataloger Nazmul
650 ## - SUBJECT ADDED ENTRY--TOPICAL TERM
Topical term or geographic name as entry element nitrogen and phosphorus
650 ## - SUBJECT ADDED ENTRY--TOPICAL TERM
Topical term or geographic name as entry element germinability and seedling attributes
651 ## - SUBJECT ADDED ENTRY--GEOGRAPHIC NAME
Geographic name brri dhan71
700 ## - ADDED ENTRY--PERSONAL NAME
Personal name Prof. Dr. A.K.M. Ruhul Amin
Relator term Superviser
700 ## - ADDED ENTRY--PERSONAL NAME
Personal name Prof. Dr. Md. Abdullahil Baque
Relator term Co-superviser
942 ## - ADDED ENTRY ELEMENTS (KOHA)
Source of classification or shelving scheme Dewey Decimal Classification
Koha item type MS Level Thesis
Holdings
Withdrawn status Lost status Source of classification or shelving scheme Damaged status Not for loan Collection code Home library Branch Name Date acquired Total Checkouts Full call number Barcode Date last seen Price effective from Koha item type
    Dewey Decimal Classification   Not For Loan Reference SAU Library SAU Library 23/02/2026   631.521 J211 46173 23/02/2026 23/02/2026 MS Level Thesis